[Event "Olympiad-44"]
[Site "Chennai"]
[Date "2022.08.09"]
[Round "11.2"]
[White "Ahmad, Al Khatib"]
[Black "Bastidas Rodriguez, Emilio Jose"]
[Result "1-0"]
[WhiteElo "2244"]
[BlackElo "2351"]
[PlyCount "49"]
[EventDate "2022.07.29"]
[EventType "team-swiss"]
[EventRounds "11"]
[EventCountry "IND"]
[SourceTitle "CBM 210"]
[Source "ChessBase"]
[SourceDate "2022.10.31"]
[SourceVersion "1"]
[SourceVersionDate "2022.10.31"]
[SourceQuality "1"]
[WhiteTeam "Jordan"]
[BlackTeam "Ecuador"]
[WhiteTeamCountry "JOR"]
[BlackTeamCountry "ECU"]

1. e4 c5 2. Nf3 d6 3. d4 cxd4 4. Nxd4 Nf6 5. Nc3 a6 6. Be2 e6 7. Be3 Nbd7 8. g4 h6 9. f4 g5 10. fxg5 hxg5 11. Bxg5 Be7 12. Qd2 Ne5 13. 0-0-0 Nfxg4 14. Bxe7 Qxe7 15. Bxg4 Nxg4 16. Nf5 exf5 17. Nd5 Qd8 18. Qc3 f6 19. Nc7+ Ke7 20. Nxa8 fxe4 21. Nc7 Ne5 22. Nd5+ Ke8 23. Nxf6+ Qxf6 24. Qxc8+ Qd8 25. Qe6+ 1-0

[Event "Olympiad-44"]
[Site "Chennai"]
[Date "2022.08.03"]
[Round "6.3"]
[White "Bastidas Rodriguez, Emilio Jose"]
[Black "Xie, Felix"]
[Result "1-0"]
[WhiteElo "2351"]
[BlackElo "2224"]
[PlyCount "97"]
[EventDate "2022.07.29"]
[EventType "team-swiss"]
[EventRounds "11"]
[EventCountry "IND"]
[SourceTitle "CBM 210"]
[Source "ChessBase"]
[SourceDate "2022.10.31"]
[SourceVersion "1"]
[SourceVersionDate "2022.10.31"]
[SourceQuality "1"]
[WhiteTeam "Ecuador"]
[BlackTeam "New Zealand"]
[WhiteTeamCountry "ECU"]
[BlackTeamCountry "NZL"]

1. c4 e6 2. d4 d5 3. Nc3 Be7 4. Nf3 Nf6 5. a3 b6 6. cxd5 exd5 7. g3 0-0 8. Bg2 h6 9. Qc2 Bb7 10. b4 Nbd7 11. Rb1 Ne4 12. 0-0 Nxc3 13. Qxc3 Bd6 14. Nh4 Re8 15. Nf5 Bf8 16. Bf4 c6 17. Rfe1 Nf6 18. f3 Kh7 19. Qd2 Bc8 20. Ne3 g6 21. Rbc1 Bb7 22. Nd1 Bg7 23. Be5 Qd7 24. Nf2 Ba6 25. g4 Rad8 26. e3 Ng8 27. Bg3 Ne7 28. Nd3 f5 29. Bh3 Bxd3 30. Qxd3 Rf8 31. gxf5 gxf5 32. Rc3 Rf6 33. Kh1 Rg6 34. Rec1 Rf8 35. b5 c5 36. dxc5 Bxc3 37. c6 Qe6 38. Rxc3 Nc8 39. Rc1 Rgf6 40. Rd1 Ne7 41. Bh4 R8f7 42. e4 dxe4 43. fxe4 Qxe4+ 44. Qxe4 fxe4 45. c7 e3 46. Re1 Nf5 47. Bf1 Nd6 48. Rxe3 Nc8 49. Bxf6 1-0

[Event "ECU-ch"]
[Site "Salinas"]
[Date "2021.12.16"]
[Round "1"]
[White "Chilan Villa, Andres Jesus"]
[Black "Bastidas Rodriguez, Emilio Jose"]
[Result "0-1"]
[WhiteElo "1715"]
[BlackElo "2345"]
[PlyCount "62"]
[EventDate "2021.12.16"]
[EventType "swiss"]
[EventRounds "7"]
[EventCountry "ECU"]
[SourceTitle "EXT 2023"]
[Source "ChessBase"]
[SourceDate "2022.10.05"]
[SourceVersion "1"]
[SourceVersionDate "2022.10.05"]
[SourceQuality "1"]

1. d4 Nf6 2. Nf3 e6 3. g3 b5 4. Bg2 Bb7 5. 0-0 c5 6. a4 b4 7. c4 bxc3 8. Nxc3 Na6 9. Nb5 Qb6 10. Be3 d5 11. Rc1 Nd7 12. h4 Be7 13. dxc5 Bxc5 14. Bxc5 Ndxc5 15. b4 Ne4 16. Qd4 0-0 17. Qxb6 axb6 18. Nc7 Rac8 19. Nxa6 Bxa6 20. b5 Bb7 21. Nd4 Nc3 22. Ra1 Rc4 23. e3 Ra8 24. Rfc1 e5 25. Bf1 exd4 26. Bxc4 dxc4 27. Kf1 Ne4 28. exd4 Nd2+ 29. Ke2 Nb3 30. Rab1 Nxc1+ 31. Rxc1 Rxa4 0-1

[Event "Guayaquil Feda 82"]
[Site "Guayaquil"]
[Date "2003.11.01"]
[Round "6"]
[White "Mieles Palau, Daniel Alberto"]
[Black "Bastidas Rodriguez, Emilio Jose"]
[Result "1/2-1/2"]
[WhiteElo "2468"]
[BlackElo "2441"]
[PlyCount "51"]
[EventDate "2003.10.31"]
[EventType "swiss"]
[EventRounds "9"]
[EventCountry "ECU"]
[SourceTitle "EXT 2005"]
[Source "ChessBase"]
[SourceDate "2004.11.15"]
[SourceVersion "1"]
[SourceVersionDate "2004.11.15"]
[SourceQuality "1"]

1. e4 c6 2. d4 d5 3. Nd2 dxe4 4. Nxe4 Nf6 5. Ng3 e6 6. Nf3 Be7 7. Bd3 0-0 8. 0-0 c5 9. dxc5 Bxc5 10. Qe2 Nbd7 11. Ng5 h6 12. N5e4 Nxe4 13. Nxe4 Be7 14. c3 Qc7 15. Re1 Nc5 16. Nxc5 Bxc5 17. Qf3 Bd7 18. Bf4 Bd6 19. Bxd6 Qxd6 20. Rad1 Bc6 21. Bh7+ Kxh7 22. Rxd6 Bxf3 23. gxf3 Rfd8 24. Red1 Rxd6 25. Rxd6 Kg6 26. Rd7 1/2-1/2

[Event "Guayaquil Feda 81"]
[Site "Guayaquil"]
[Date "2003.10.24"]
[Round "3"]
[White "Bohorquez Trivino, Idelfonso"]
[Black "Bastidas Rodriguez, Emilio Jose"]
[Result "0-1"]
[WhiteElo "2144"]
[BlackElo "2441"]
[PlyCount "62"]
[EventDate "2003.10.24"]
[EventType "tourn"]
[EventRounds "9"]
[EventCountry "ECU"]
[SourceTitle "EXT 2005"]
[Source "ChessBase"]
[SourceDate "2004.11.15"]
[SourceVersion "1"]
[SourceVersionDate "2004.11.15"]
[SourceQuality "1"]

1. d4 Nf6 2. c4 b6 3. f3 e6 4. e4 d6 5. Bd3 Be7 6. Ne2 0-0 7. Nbc3 c5 8. Be3 Nbd7 9. 0-0 cxd4 10. Nxd4 Bb7 11. Bc2 a6 12. Qd2 Rc8 13. b3 Qc7 14. Rac1 Rfe8 15. Bb1 Qb8 16. Qf2 Bd8 17. Qg3 Ne5 18. h3 Ng6 19. Rfd1 Bc7 20. Qf2 d5 21. Nde2 dxc4 22. Bxb6 cxb3 23. axb3 Bc6 24. Bxc7 Rxc7 25. Nd4 Bb7 26. Na4 Rec8 27. Rxc7 Qxc7 28. Ne2 Nf4 29. b4 h5 30. h4 Nd7 31. Kh1 Ne5 0-1

[Event "Merida Sub zt 2.3.5"]
[Site "Merida"]
[Date "2001.10.05"]
[Round "5"]
[White "Bastidas Rodriguez, Emilio Jose"]
[Black "Palencia Morales, Wilson Guillermo"]
[Result "0-1"]
[WhiteElo "2428"]
[BlackElo "2284"]
[PlyCount "186"]
[EventDate "2001.10.02"]
[EventType "swiss"]
[EventRounds "9"]
[EventCountry "VEN"]
[SourceTitle "EXT 2002"]
[Source "ChessBase"]
[SourceDate "2001.11.25"]
[SourceVersion "1"]
[SourceVersionDate "2001.11.25"]
[SourceQuality "1"]

1. d4 Nf6 2. c4 c5 3. Nf3 cxd4 4. Nxd4 Nc6 5. Nc3 g6 6. Nc2 Bg7 7. e4 0-0 8. Be2 d6 9. 0-0 a5 10. f3 a4 11. Be3 Qa5 12. Rc1 Be6 13. Qd2 Rfc8 14. Nd5 Qxd2 15. Bxd2 Nd7 16. Bc3 Bxc3 17. Nxc3 Na5 18. Nb4 Bxc4 19. Bxc4 Rxc4 20. Nbd5 Nc6 21. Rfd1 Kf8 22. Kf2 Ra6 23. Rd2 b5 24. Rcd1 Rc5 25. f4 b4 26. Ne2 Nb6 27. Ne3 Nc4 28. Nxc4 Rxc4 29. Ke3 h5 30. g3 Ra5 31. Nd4 Nxd4 32. Rxd4 Rxd4 33. Rxd4 Rb5 34. Rc4 a3 35. b3 Ke8 36. Kd3 Kd7 37. Rd4 e6 38. Kc4 Rb6 39. e5 d5+ 40. Kc5 Rb8 41. h3 Rb7 42. g4 hxg4 43. hxg4 Ke7 44. Rd2 Kf8 45. Kd6 Rb6+ 46. Kc7 Rb5 47. Kd6 Rb6+ 48. Kc5 Rb7 49. Rh2 Kg7 50. Rf2 Kh6 51. Kd6 Rb6+ 52. Ke7 Kg7 53. Rc2 Rb5 54. f5 Rb7+ 55. Kd6 gxf5 56. gxf5 exf5 57. Rg2+ Kh6 58. Kxd5 Kh5 59. Kd4 Re7 60. Rg7 Kh6 61. Rg2 Kh5 62. Kd5 f4 63. Ke4 f6 64. Kxf4 Rxe5 65. Kf3 Rf5+ 66. Ke4 Rg5 67. Rc2 Kg6 68. Kd4 Rg4+ 69. Kc5 f5 70. Rd2 Kg5 71. Rd8 Kf6 72. Rf8+ Ke6 73. Re8+ Kf6 74. Rf8+ Ke6 75. Re8+ Kf7 76. Rd8 Rg2 77. Kxb4 Rxa2 78. Kc3 Ke6 79. Rd1 f4 80. b4 Re2 81. Kb3 a2 82. b5 Kf5 83. Ra1 f3 84. b6 Re6 85. Rxa2 Rxb6+ 86. Kc3 Rd6 87. Ra8 Kf4 88. Rg8 f2 89. Rf8+ Ke3 90. Re8+ Kf3 91. Rf8+ Ke2 92. Re8+ Kf1 93. Rg8 Rd5 0-1

[Event "Merida Sub zt 2.3.5"]
[Site "Merida"]
[Date "2001.10.04"]
[Round "4"]
[White "Sequera Paolini, Jose Rafael"]
[Black "Bastidas Rodriguez, Emilio Jose"]
[Result "1-0"]
[WhiteElo "2367"]
[BlackElo "2428"]
[PlyCount "59"]
[EventDate "2001.10.02"]
[EventType "swiss"]
[EventRounds "9"]
[EventCountry "VEN"]
[SourceTitle "EXT 2002"]
[Source "ChessBase"]
[SourceDate "2001.11.25"]
[SourceVersion "1"]
[SourceVersionDate "2001.11.25"]
[SourceQuality "1"]

1. e4 c5 2. Nf3 d6 3. d4 cxd4 4. Nxd4 Nf6 5. Nc3 a6 6. f3 e6 7. Be3 b5 8. g4 h6 9. Qd2 Nbd7 10. 0-0-0 Bb7 11. h4 Nb6 12. Bd3 Nfd7 13. g5 e5 14. Nf5 hxg5 15. hxg5 Rxh1 16. Rxh1 g6 17. Nh6 Qc7 18. Nd5 Bxd5 19. exd5 Nc5 20. f4 exf4 21. Bxc5 dxc5 22. Re1+ Kd8 23. d6 Bxd6 24. Be4 Rb8 25. Nxf7+ Kd7 26. Bxg6 Nc4 27. Qd5 Ne3 28. Bf5+ Nxf5 29. Qxf5+ Kc6 30. Nxd6 1-0

[Event "Merida Sub zt 2.3.5"]
[Site "Merida"]
[Date "2001.10.03"]
[Round "2"]
[White "Bustamante Casas, Richard"]
[Black "Bastidas Rodriguez, Emilio Jose"]
[Result "1/2-1/2"]
[WhiteElo "2184"]
[BlackElo "2428"]
[PlyCount "35"]
[EventDate "2001.10.02"]
[EventType "swiss"]
[EventRounds "9"]
[EventCountry "VEN"]
[SourceTitle "EXT 2002"]
[Source "ChessBase"]
[SourceDate "2001.11.25"]
[SourceVersion "1"]
[SourceVersionDate "2001.11.25"]
[SourceQuality "1"]

1. d4 Nf6 2. c4 e6 3. Nc3 Bb4 4. e3 0-0 5. Bd3 c5 6. Nf3 b6 7. 0-0 Bxc3 8. bxc3 Nc6 9. e4 Ne8 10. Qe2 f6 11. e5 Bb7 12. Qe3 Qe7 13. Re1 Rc8 14. a4 Na5 15. Nd2 fxe5 16. Qh3 g6 17. dxe5 Qf7 18. f3 1/2-1/2

[Event "Merida Sub zt 2.3.5"]
[Site "Merida"]
[Date "2001.10.02"]
[Round "1"]
[White "Bastidas Rodriguez, Emilio Jose"]
[Black "Yee, Frank"]
[Result "1-0"]
[WhiteElo "2458"]
[BlackElo "2128"]
[PlyCount "99"]
[EventDate "2001.10.02"]
[EventType "swiss"]
[EventRounds "9"]
[EventCountry "VEN"]
[SourceTitle "EXT 2002"]
[Source "ChessBase"]
[SourceDate "2001.11.25"]
[SourceVersion "1"]
[SourceVersionDate "2001.11.25"]
[SourceQuality "1"]

1. e4 e5 2. Nf3 Nc6 3. d4 exd4 4. Nxd4 Bc5 5. Be3 Qf6 6. c3 Nge7 7. Bc4 0-0 8. 0-0 Bb6 9. f4 d6 10. Nc2 Be6 11. Bd3 g6 12. Nd2 d5 13. Bxb6 axb6 14. f5 gxf5 15. exf5 Bd7 16. Ne3 Ne5 17. Ng4 Nxg4 18. Qxg4+ Kh8 19. Qf4 c5 20. Rae1 Bc6 21. Rxe7 Ra4 22. Qe5 Qxe5 23. Rxe5 f6 24. Re2 Rxa2 25. Nf3 Ra4 26. h3 b5 27. Kh2 b4 28. Rc1 bxc3 29. Rxc3 c4 30. Bb1 Ra1 31. Rc1 Bd7 32. Nd4 b5 33. Re7 Bc8 34. g4 b4 35. Kg3 Ra6 36. Kh4 Rb6 37. Rce1 c3 38. bxc3 bxc3 39. Rc7 Rb7 40. Ree7 Rxc7 41. Rxc7 Ba6 42. Kh5 Re8 43. Ra7 Bf1 44. h4 Bh3 45. g5 fxg5 46. hxg5 Bg2 47. Kh6 Be4 48. Bxe4 dxe4 49. f6 c2 50. Ne6 1-0

[Event "Pan American-ch Juniors"]
[Site "Isla Margarita"]
[Date "1998.08.??"]
[Round "8"]
[White "Bastidas Rodriguez, Emilio Jose"]
[Black "Belmonte, Diego Mariano"]
[Result "1/2-1/2"]
[WhiteElo "2245"]
[BlackElo "2200"]
[PlyCount "87"]
[EventDate "1998.08.05"]
[EventType "swiss"]
[EventRounds "11"]
[EventCountry "VEN"]
[SourceTitle "EXT 2002"]
[Source "ChessBase"]
[SourceDate "2001.11.25"]
[SourceVersion "1"]
[SourceVersionDate "2001.11.25"]
[SourceQuality "1"]

1. d4 Nf6 2. c4 e6 3. Nc3 Bb4 4. e3 c5 5. Bd3 Nc6 6. Nf3 Bxc3+ 7. bxc3 d6 8. Qc2 e5 9. d5 Ne7 10. 0-0 Ng6 11. Ng5 0-0 12. f4 Re8 13. f5 Nf8 14. e4 h6 15. Nh3 N8h7 16. Qe2 Kf8 17. Bc2 Ke7 18. Ba4 Bd7 19. Bxd7 Kxd7 20. a4 b6 21. Nf2 Rh8 22. Qb2 Ke7 23. Be3 Nd7 24. Qd2 Nhf6 25. g4 Qg8 26. Kh1 g5 27. Kg2 Ne8 28. h4 f6 29. Rh1 Rh7 30. Rh3 Rg7 31. Kf3 Nc7 32. Rah1 Qf7 33. hxg5 hxg5 34. Rh6 Rag8 35. R1h5 Kd8 36. a5 Kc8 37. Rh1 Qe8 38. axb6 axb6 39. Qa2 Kb7 40. Qa4 b5 41. cxb5 Qa8 42. Qb3 Qa5 43. c4 Na8 44. Qd3 1/2-1/2

[Event "Pan American-ch Juniors"]
[Site "Isla Margarita"]
[Date "1998.08.??"]
[Round "11"]
[White "Uribe, Mauricio"]
[Black "Bastidas Rodriguez, Emilio Jose"]
[Result "1/2-1/2"]
[WhiteElo "2200"]
[BlackElo "2245"]
[PlyCount "80"]
[EventDate "1998.08.05"]
[EventType "swiss"]
[EventRounds "11"]
[EventCountry "VEN"]
[SourceTitle "EXT 2002"]
[Source "ChessBase"]
[SourceDate "2001.11.25"]
[SourceVersion "1"]
[SourceVersionDate "2001.11.25"]
[SourceQuality "1"]

1. e4 c5 2. Nf3 d6 3. d4 cxd4 4. Nxd4 Nf6 5. Nc3 a6 6. Be3 e6 7. f4 b5 8. Qf3 Bb7 9. Bd3 b4 10. Nce2 Nbd7 11. g4 Nc5 12. Ng3 e5 13. Ndf5 Nxd3+ 14. cxd3 g6 15. fxe5 dxe5 16. 0-0 gxf5 17. Qxf5 Be7 18. g5 Qxd3 19. Rae1 Bc8 20. Qxe5 Be6 21. gxf6 Bd6 22. Qg5 h6 23. Qa5 Qb5 24. Qb6 Qxb6 25. Bxb6 Be5 26. b3 Rg8 27. Rd1 Rg6 28. Bd4 Bxg3 29. hxg3 Rxg3+ 30. Kf2 Rg4 31. Bc5 Rxe4 32. Rg1 Rg4 33. Rxg4 Bxg4 34. Rd4 h5 35. Bxb4 Rd8 36. Bd6 Rd7 37. b4 Kd8 38. a4 Kc8 39. Kg3 Kb7 40. Kf4 Rd8 1/2-1/2

[Event "ECU-ch"]
[Site "Quito"]
[Date "1998.??.??"]
[Round "?"]
[White "Alarcon Tirado, Cesar"]
[Black "Bastidas Rodriguez, Emilio Jose"]
[Result "1-0"]
[WhiteElo "2100"]
[BlackElo "2210"]
[PlyCount "79"]
[EventDate "1998.??.??"]
[EventType "tourn"]
[EventRounds "13"]
[EventCountry "ECU"]
[SourceTitle "EXT 2002"]
[Source "ChessBase"]
[SourceDate "2001.11.25"]
[SourceVersion "1"]
[SourceVersionDate "2001.11.25"]
[SourceQuality "1"]

1. d4 Nf6 2. Bg5 d5 3. Nf3 Nbd7 4. e3 e6 5. Bd3 c5 6. c3 Be7 7. Nbd2 0-0 8. 0-0 b6 9. Qb1 Bb7 10. Ne5 h6 11. Bxf6 Bxf6 12. f4 Bxe5 13. fxe5 Qg5 14. Qe1 f5 15. Nf3 Qe7 16. h4 a5 17. Qe2 Bc6 18. g3 c4 19. Bc2 b5 20. h5 Nb6 21. Nh4 Be8 22. Qf3 b4 23. a3 bxc3 24. bxc3 Qg5 25. Bd1 Na4 26. Bxa4 Bxa4 27. Ng6 Rfe8 28. Ra2 Rab8 29. Rg2 Qg4 30. Qxg4 fxg4 31. Rgf2 Kh7 32. Kh2 Rb3 33. Rf8 Rxc3 34. Rxe8 Bxe8 35. Nf8+ Kg8 36. Nxe6 Bxh5 37. Nf4 Be8 38. Nxd5 Rxa3 39. e6 Ra2+ 40. Kg1 1-0

[Event "Latacunga Munoz Vicuna cup"]
[Site "Latacunga"]
[Date "1998.??.??"]
[Round "?"]
[White "Bastidas Rodriguez, Emilio Jose"]
[Black "Pazos Gambarrotti, Plinio Efrain"]
[Result "1/2-1/2"]
[WhiteElo "2210"]
[BlackElo "2330"]
[PlyCount "49"]
[EventDate "1998.05.01"]
[EventType "swiss"]
[EventRounds "7"]
[EventCountry "ECU"]
[SourceTitle "EXT 2016"]
[Source "ChessBase"]
[SourceDate "2015.10.08"]
[SourceVersion "1"]
[SourceVersionDate "2015.10.08"]
[SourceQuality "1"]

1. e4 c5 2. Nf3 Nc6 3. d4 cxd4 4. c3 Nf6 5. e5 Nd5 6. cxd4 e6 7. Nc3 d6 8. exd6 Bxd6 9. Bd3 Nf4 10. Bxf4 Bxf4 11. Qe2 Ne7 12. 0-0 g6 13. Bb5+ Kf8 14. Qe4 Bc7 15. h4 a6 16. Bc4 Rb8 17. a4 Qd6 18. Rfd1 b6 19. Qe2 Bb7 20. Bxa6 Bxf3 21. Qxf3 Qh2+ 22. Kf1 Qxh4 23. Nb5 Nd5 24. Rac1 Bf4 25. Rc4 1/2-1/2

[Event "ECU-ch"]
[Site "Quito"]
[Date "1998.??.??"]
[Round "?"]
[White "Delgado Kuffo, Andres"]
[Black "Bastidas Rodriguez, Emilio Jose"]
[Result "1/2-1/2"]
[WhiteElo "2085"]
[BlackElo "2210"]
[PlyCount "67"]
[EventDate "1998.??.??"]
[EventType "tourn"]
[EventRounds "13"]
[EventCountry "ECU"]
[SourceTitle "EXT 2002"]
[Source "ChessBase"]
[SourceDate "2001.11.25"]
[SourceVersion "1"]
[SourceVersionDate "2001.11.25"]
[SourceQuality "1"]

1. e4 c5 2. Nf3 d6 3. d4 cxd4 4. Nxd4 Nf6 5. Nc3 a6 6. Be2 Nbd7 7. f4 e5 8. Nb3 b5 9. a3 Bb7 10. Bf3 Be7 11. 0-0 0-0 12. f5 a5 13. Re1 b4 14. Nd5 Nxd5 15. exd5 Nf6 16. axb4 axb4 17. Rxa8 Qxa8 18. Bg5 Bxd5 19. Bxd5 Qxd5 20. Bxf6 Qxd1 21. Rxd1 gxf6 22. Kf2 Rc8 23. Rd2 Bf8 24. Kf3 Rc4 25. g3 Bh6 26. Rxd6 Rxc2 27. Rxf6 Bf8 28. h3 Rxb2 29. Nc1 Bc5 30. Nd3 Rb3 31. Ke4 Bd4 32. Nxe5 Bxe5 33. Kxe5 Rxg3 34. Rb6 1/2-1/2

[Event "Quito Gran Prix op"]
[Site "Quito"]
[Date "1998.??.??"]
[Round "?"]
[White "Pazos Gambarrotti, Plinio Efrain"]
[Black "Bastidas Rodriguez, Emilio Jose"]
[Result "1-0"]
[WhiteElo "2330"]
[BlackElo "2210"]
[PlyCount "73"]
[EventDate "1998.??.??"]
[EventType "swiss"]
[EventRounds "9"]
[EventCountry "ECU"]
[SourceTitle "EXT 2002"]
[Source "ChessBase"]
[SourceDate "2001.11.25"]
[SourceVersion "1"]
[SourceVersionDate "2001.11.25"]
[SourceQuality "1"]

1. d4 Nf6 2. Nf3 e6 3. c4 b6 4. a3 Bb7 5. Nc3 d5 6. cxd5 exd5 7. Bg5 Be7 8. e3 0-0 9. Bd3 Nbd7 10. 0-0 Ne4 11. Bf4 Nxc3 12. bxc3 c5 13. Qb1 h6 14. Rd1 Nf6 15. h3 Bd6 16. dxc5 Bxc5 17. Nd4 Bd6 18. Bxd6 Qxd6 19. Qb4 Qc5 20. Nf5 Rfd8 21. Qh4 Qxc3 22. Qg3 Ne4 23. Nxh6+ Kf8 24. Bxe4 dxe4 25. Nf5 Qf6 26. Nd6 Qe7 27. Rd4 Ba6 28. Rad1 Bd3 29. Rc1 g6 30. f3 Rd7 31. fxe4 Bxe4 32. Rf1 Bf5 33. e4 Be6 34. e5 Kg7 35. Rdf4 Rf8 36. Rxf7+ Rxf7 37. Rxf7+ 1-0

[Event "ECU-ch"]
[Site "Quito"]
[Date "1998.??.??"]
[Round "?"]
[White "Ricaurte Lopez, Juan Carlos"]
[Black "Bastidas Rodriguez, Emilio Jose"]
[Result "1/2-1/2"]
[WhiteElo "2390"]
[BlackElo "2210"]
[PlyCount "68"]
[EventDate "1998.??.??"]
[EventType "tourn"]
[EventRounds "13"]
[EventCountry "ECU"]
[SourceTitle "EXT 2002"]
[Source "ChessBase"]
[SourceDate "2001.11.25"]
[SourceVersion "1"]
[SourceVersionDate "2001.11.25"]
[SourceQuality "1"]

1. e4 c5 2. Nc3 Nc6 3. g3 g6 4. Bg2 Bg7 5. d3 d6 6. f4 e6 7. Nf3 Nge7 8. 0-0 f5 9. Kh1 0-0 10. Be3 Qa5 11. Qd2 Bd7 12. Rae1 Rae8 13. Bg1 Nd4 14. exf5 Nexf5 15. Ng5 h6 16. Nge4 Bc6 17. Qf2 d5 18. Nd2 Qd8 19. Nb3 b6 20. Nxd4 cxd4 21. Nd1 e5 22. c4 Qa8 23. cxd5 Bxd5 24. Bxd5+ Qxd5+ 25. Qg2 Qxg2+ 26. Kxg2 exf4 27. Rxe8 Rxe8 28. Rxf4 Ne3+ 29. Nxe3 dxe3 30. Re4 Rxe4 31. dxe4 e2 32. Bf2 Bxb2 33. Kf3 Bd4 34. Be1 Kf7 1/2-1/2

[Event "WchT U26 11th"]
[Site "Roque Saenz Pena"]
[Date "1997.08.13"]
[Round "8"]
[White "Soln, Primoz"]
[Black "Bastidas Rodriguez, Emilio Jose"]
[Result "1/2-1/2"]
[WhiteElo "2325"]
[BlackElo "2210"]
[PlyCount "82"]
[EventDate "1997.08.06"]
[EventType "team-swiss"]
[EventRounds "9"]
[EventCountry "ARG"]
[SourceTitle "EXT 2020"]
[Source "ChessBase"]
[SourceDate "2019.10.17"]
[SourceVersion "1"]
[SourceVersionDate "2019.10.17"]
[SourceQuality "1"]
[WhiteTeam "Slovenia"]
[BlackTeam "Ecuador"]
[WhiteTeamCountry "SLO"]
[BlackTeamCountry "ECU"]

1. d4 Nf6 2. c4 e6 3. Nf3 b6 4. a3 d5 5. cxd5 exd5 6. Nc3 Be7 7. Bg5 0-0 8. e3 Bf5 9. Ne5 c6 10. g4 Be6 11. Bd3 Nfd7 12. Bf4 Re8 13. h4 Nxe5 14. Bxe5 Nd7 15. Bf4 Nf8 16. g5 b5 17. Kf1 a5 18. Kg2 Qd7 19. Qc2 Rec8 20. Rac1 Ra7 21. Ne2 b4 22. a4 c5 23. Bb5 Qb7 24. dxc5 Bxc5 25. Qd3 Raa8 26. Nd4 Bxd4 27. exd4 Ng6 28. Bg3 Ne7 29. Rxc8+ Qxc8 30. Qd2 Qb7 31. Rc1 Rc8 32. h5 Nf5 33. Rxc8+ Qxc8 34. Qf4 Nxg3 35. Kxg3 Qd8 36. Qe5 h6 37. f4 Qc8 38. g6 Qc1 39. Qb8+ Bc8 40. Bf1 Qe3+ 41. Kh2 Qf2+ 1/2-1/2